Statistics for Most Common Last Names in Oceania

Click here to take the quiz!

General Stats

  • This quiz has been taken 17 times
  • The average score is 4 of 14

Answer Stats

CountryLast Name% Correct
New ZealandSmith
100%
AustraliaSmith
100%
Marshall IslandsJohn
57%
Papua New GuineaJohn
57%
FijiKumar
14%
TuvaluApinelu
7%
NauruHarris
7%
KiribatiIoane
7%
TongaLatu
7%
Solomon IslandsMae
7%
SamoaMeredith
7%
Micronesia (Fed. States of)Mori
7%
VanuatuTari
7%
PalauTellei
7%

Score Distribution

Percentile by Number Answered

Percent of People with Each Score

Your Score History

You have not taken this quiz